| 000 | 02098nam a2200397 i 4500 | ||
|---|---|---|---|
| 001 | 194306 | ||
| 003 | SpMaBN | ||
| 005 | 20250708195131.0 | ||
| 007 | ta | ||
| 008 | 231124s2023 sp | |||| 000 0 spa | ||
| 017 |
_aBI 852-2023 _bOficina Depósito Legal Vizcaya |
||
| 020 | _a9788412583397 | ||
| 035 | _aa7388685 | ||
| 040 |
_aSpMaBN _bspa _cSpMaBN _erda _dES-MaACL |
||
| 100 | 1 |
_aVergara, Leire _9235963 _eaut |
|
| 245 | 1 |
_aCerca de las plazas de soberanía / _cLeire Vergara. |
|
| 264 | 1 |
_aMadrid : _bCaniche Editorial, _c2023. |
|
| 300 |
_a256 páginas : _bilustraciones (color) ; _c21 cm |
||
| 336 |
_aTexto _2rdacontent |
||
| 337 |
_asin mediación _2rdamedia |
||
| 338 |
_avolumen _2rdacarrier |
||
| 490 | 1 |
_aLetra Caniche ; _v12 |
|
| 520 | _aEn un tiempo de fronteras expandidas, ¿qué papel desempeñan esos lugares que llamamos plazas de soberanía: Perejil, Alhucemas, Chafarinas y Vélez de la Gomera? Inaccesibles y deshabitados, estos pequeños enclaves que permanecen monitorizados militarmente, situados frente a la costa norte de Marruecos pero bajo dominio español, suponen una excepcionalidad territorial que permite a Europa intervenir en los flujos migratorios. Su indeterminada y ambigua condición jurídica remite a un modelo de extensión colonial que sigue operando, aún hoy, de manera efectiva. | ||
| 651 | 7 |
_2embne _aPerejil (Isla) _9235965 |
|
| 651 | 7 |
_2embne _aAlhucemas (Marruecos) _9235970 |
|
| 651 | 7 |
_2embne _aPeñón de Vélez de la Gomera (España) _9235966 |
|
| 651 | 7 |
_2embne _aChafarinas _9235967 |
|
| 830 |
_aLetra Caniche ; _9235964 _v12 |
||
| 852 |
_aES-MaACL _bR.155101 _cDEPOJ _jN-9884 _hDonación: Leire Vergara _9201902 _gDedicatoria autógrafa de la autora _xEncuadernación rústica con solapas |
||
| 903 |
_9235963 _aVergara, Leire _ednr |
||
| 942 |
_n0 _cMONOGRAFIA |
||
| 999 |
_c194306 _d194306 |
||